Bilecik Bilecik Bilecik Bilecik Bilecik

Tarladan Şanghay'a : (Record no. 43399)

MARC details
000 -BAŞLIK
Sabit Uzunluktaki Kontrol Alanı 01114nam a22003497a 4500
001 - KONTROL NUMARASI
Control Dosyası 0043583
003 - KONTROL NUMARASI KİMLİĞİ
Kontrol Alanı KOHA_MİRAKIL
005 - EN SON İŞLEM TARİHİ ve ZAMANI
Kontrol Alanı 20260207003354.0
007 - FİZİKSEL TANIM SABİT ALAN - GENEL BİLGİ
Sabit uzunluklu kontrol alanı ta
008 - SABİT UZUNLUKTAKİ VERİ ÖGELERİ - GENEL BİLGİ
Sabit Alan 130730b2012 tu a|||gr||||#||||1|tur |
020 ## - ISBN - ULUSLARARASI STANDART KİTAP NUMARASI
Isbn 9786054607839
040 ## - KATALOGLAMA KAYNAĞI
Özgün Kataloglama Kurumu TR-BiSEU
Kataloglama Dili tur
Çeviri Kurumu TR-BiSEU
Açıklama Kuralları rda
041 0# - DİL KODU
Metin ya da ses kaydının dil kodu tur
044 ## - YAYINLAYAN/ÜRETEN KURULUŞUN ÜLKE KODU
ISO country code tu
050 ## - SINIFLAMA ve YER NUMARASI
Sınıflama Numarası PL213
Yer Numarası .K63 2012
100 1# - KİŞİ ADI
Yazar Adı (Kişi adı) Koç, Ali Rıza .
245 1# - ESER ADI BİLDİRİMİ
Başlık Tarladan Şanghay'a :
Alt Eseradı vb. çalışkanlığın ve inancın zaferi!/
Sorumluluk Bildirimi Ali Rıza Koç ; Ali Rıza Koç ; editör Bünyamin Altıntaş.
264 #1 - ÜRERİM, YAYIN, DAĞITIM ve TELİF BİLDİRİMİ
Yayın yeri İstanbul :
Yayınlayan Destek Yayınları
Yayın tarihi 2012
300 ## - FİZİKSEL TANIMLAMA
Sayfa, Cilt vb. 296 sayfa :
Diğer fiziki detaylar resimli ;
Boyutları 21 cm.
336 ## - İÇERİK TÜRÜ
Content type term metin
Content type code txt
Source rdacontent
337 ## - MEDYA TÜRÜ
Media type term aracısız
Media type code n
Source rdamedia
338 ## - TAŞIYICI TÜRÜ
Carrier type term cilt
Carrier type code nc
Source rdacarrier
490 1# - DİZİ BİLDİRİMİ
Dizi Bildirimi Destek Yayınevi ;
Cilt Numarası 276.
490 1# - DİZİ BİLDİRİMİ
Dizi Bildirimi İş ve Yönetim ;
Cilt Numarası 64.
490 1# - DİZİ BİLDİRİMİ
Dizi Bildirimi Fark Yaratanlar Serisi ;
Cilt Numarası 2.
650 #0 - KONU BAŞLIĞI EK GİRİŞ - KONU TERİMİ
Konusal terim veya coğrafi ad Biyografi.
9 (RLIN) 28685
650 #0 - KONU BAŞLIĞI EK GİRİŞ - KONU TERİMİ
Konusal terim veya coğrafi ad Biography.
9 (RLIN) 11328
830 1# - SERİ EK GİRİŞİ - TEKBİÇİM ESER ADI
Tekbiçim Başlık Destek Yayınevi ;
Volume number/sequential designation 276.
9 (RLIN) 69350
830 1# - SERİ EK GİRİŞİ - TEKBİÇİM ESER ADI
Tekbiçim Başlık İş ve Yönetim ;
Volume number/sequential designation 64.
9 (RLIN) 81248
830 1# - SERİ EK GİRİŞİ - TEKBİÇİM ESER ADI
Tekbiçim Başlık Fark Yaratanlar Serisi ;
Volume number/sequential designation 2.
9 (RLIN) 81249
942 ## - EK GİRİŞ ÖGELERİ (KOHA)
Source of classification or shelving scheme Library of Congress Classification
Koha item type Book
Holdings
Materyal Türü Kalıcı Konum Mevcut Konum Raf Yeri Sınıflandırma Kaynağı Edinim Bilgisi Ana Konular Alt Konular Yer Numarası Demirbaş Numarası Fatura Tarihi Maliyet, Alış Fiyatı Maliyet, Yenileme Fiyatı Geri Çekilme Durumu Kayıp Durumu Hasarlı Durumu Kredi için değil Kayıt Tarih Toplam Ödünçverme Son Görülme Tarihi Son Kontrol Tarihi Satın Alma Notu
Book Prof. Dr. Azmi Özcan Kütüphanesi Prof. Dr. Azmi Özcan Kütüphanesi Birûni Salonu Library of Congress Classification Satın DİL VE EDEBİYAT Doğu Asya, Afrika, Okyanusya Dilleri ve Edebiyatları PL213 .K63 2012 0043583 24/09/2013 12.24 12.24         30/07/2013   05/12/2024 05/12/2024 73291-73383 (92 sayfa)